Elektronische Analogrechner /

Bibliographic Details
Main Author: Adler, Helmut
Format: Book
Language:German
Published: Berlin : Deutscher Verlag der Wissenschaften, 1970.
Edition:3. Aufl.
Series:Mathematik für Naturwissenschaft und Technik ; Bd. 8.
Subjects:

MARC

Tag First Indicator Second Indicator Subfields
LEADER 00000cam a2200000 4500
001 in00000098345
005 20150925115541.0
008 800402s1970 ge b 00000 ger d
035 |a (OCoLC)06160779 
035 |9 AAL3282AM 
040 |a TXA  |c TXA  |d UtOrBLW 
049 |a TXAM  |c [533748] 
090 |a TK7888  |b .A35 1970 
100 1 |a Adler, Helmut. 
245 1 0 |a Elektronische Analogrechner /  |c Mit 273 Abbildungen und 7 Tabellen. 
250 |a 3. Aufl. 
264 1 |a Berlin :  |b Deutscher Verlag der Wissenschaften,  |c 1970. 
300 |a ix, 334 pages 
336 |a text  |b txt  |2 rdacontent 
337 |a unmediated  |b n  |2 rdamedia 
338 |a volume  |b nc  |2 rdacarrier 
490 1 |a Mathematik fur Naturwissenschaft und Technik,  |v Bd. 8 
504 |a Bibliography: pages [315]-330. 
650 0 |a Electronic analog computers. 
830 0 |a Mathematik für Naturwissenschaft und Technik ;  |v Bd. 8. 
999 |a MARS 
999 f f |s 5aab0bbc-642d-3a59-a7a6-97d104cdf048  |i 59b08382-6483-35f5-ba73-6b053e6276ae  |t 0 
952 f f |p ric  |a Texas A&M University  |b Rellis Campus  |c Joint Library Facility  |d Remote Storage  |t 0  |e TK7888 .A35 1970  |h Library of Congress classification  |i unmediated -- volume  |m A14805511574 
998 f f |a TK7888 .A35 1970  |t 0  |l Remote Storage